UBT Library

The lost lawyer : (Record no. 44640)

000 -LEADER
fixed length control field 00755pam a2200241 a 4500
001 - CONTROL NUMBER
control field 1105808
005 - DATE AND TIME OF LATEST TRANSACTION
control field 20180309093343.0
008 - FIXED-LENGTH DATA ELEMENTS--GENERAL INFORMATION
fixed length control field 930401s1993 mau b 001 0 eng
010 ## - LIBRARY OF CONGRESS CONTROL NUMBER
LC control number 93010685
020 ## - INTERNATIONAL STANDARD BOOK NUMBER
International Standard Book Number 0674539265 (acidfree paper)
040 ## - CATALOGING SOURCE
Original cataloging agency DLC
Transcribing agency DLC
Modifying agency DLC
041 ## - LANGUAGE CODE
Language code of text/sound track or separate title eng
043 ## - GEOGRAPHIC AREA CODE
Geographic area code n-us---
080 ## - UNIVERSAL DECIMAL CLASSIFICATION NUMBER
Universal Decimal Classification number 174.30973 KRO
082 00 - DEWEY DECIMAL CLASSIFICATION NUMBER
Classification number 174.30973 KRO
Edition number 20
100 1# - Rafti
Rafti 14
101 ## - Shkurtesa
Shkurtesa SHJ
245 14 - TITLE STATEMENT
Title The lost lawyer :
Statement of responsibility, etc Anthony T. Kronman.
504 ## - BIBLIOGRAPHY, ETC. NOTE
Bibliography, etc Includes bibliographical references and index.
906 ## - LOCAL DATA ELEMENT F, LDF (RLIN)
a 7
b cbc
c orignew
d 1
e ocip
f 19
g y-gencatlg
942 ## - ADDED ENTRY ELEMENTS (KOHA)
Source of classification or shelving scheme
Item type Books
Holdings
Withdrawn status Lost status Source of classification or shelving scheme Damaged status Not for loan Collection code Permanent location Current location Shelving location Date acquired Total Checkouts Full call number Barcode Date last seen Price effective from Koha item type
          Koleksioni i përgjithshem UBT - Lipjan UBT - Lipjan Koleksioni i përgjithshem 03/09/2018   174.30973 KRO 002-3001459 03/09/2018 03/09/2018 Books
UBT Library © 2015-2024. All rights reserved University Education for Business and Technology